000 00671nam a2200253Ia 4500
003 OSt
005 20220918174421.0
006 a|||||r|||| 00| 0
007 ta
008 220917b |||||||| |||| 00| 0 eng d
024 _a12,037
037 _cTextual
040 _aARTS
_cARTS
_beng
041 _2eng
_aeng
082 _aMY:(S), M3
100 _aGoldstein Jeffrey H
_950411
245 0 _aSports violence
260 _aN York
_bSpringer-Verla
_c1983
300 _a225p.
_ccm.
490 _aSpringer series in social psychology
650 _aINDUSTRIAL ARTS
942 _hMY:(S), M3
_cTEXL
_2CC
999 _c153091
_d153091